| 000 | 00687cam a22002413a 4500 | ||
|---|---|---|---|
| 001 | 1092 | ||
| 003 | PGUSA | ||
| 005 | 20140828082956.0 | ||
| 008 | 971101s1997||||xxu|||||s|||||000 | eng d | ||
| 040 |
_aPGUSA _beng |
||
| 042 | _adc | ||
| 050 | 4 | _aDA | |
| 100 | 1 | _aCambrensis, Giraldus | |
| 245 | 1 | 4 |
_aThe Description of Wales _h[electronic resource] / _cGiraldus Cambrensis |
| 260 |
_bProject Gutenberg, _c1997 |
||
| 506 | _aPublic domain in the USA. | ||
| 516 | _aElectronic text | ||
| 653 | _aWales -- Social life and customs | ||
| 653 | _aWales -- Description and travel | ||
| 830 | 0 |
_aProject Gutenberg _v1092 |
|
| 856 | 4 | 0 | _uhttp://www.gutenberg.org/ebooks/1092 |
| 942 | _cEB | ||
| 999 |
_c230440 _d230440 |
||